000
00309nam a2200133Ia 4500
100
_a
KUMBHOJKAR/G.V.
942
_c
BK
654
_a
Partial fractions
245
_a
COMPANION TO APPLIED MATHEMATICS.
260
_b
PHADAKE PRAKASHAN
_a
Kolhapur
_c
2007
082
_a
510/KUM
300
_a
250
546
_a
ENGLISH
999
_c
24765
_d
24765